Esperanza : la autobiografía /
Guardat en:
| Autor corporatiu: | |
|---|---|
| Altres autors: | , , , |
| Format: | Llibre |
| Idioma: | espanyol |
| Publicat: |
México :
Plaza y Janés,
2025, c2025
|
| Matèries: | |
| Etiquetes: |
Sense etiquetes, Sigues el primer a etiquetar aquest registre!
|
MARC
| LEADER | 00000nam^a2200000^a^4500 | ||
|---|---|---|---|
| 001 | 000614429 | ||
| 005 | 20250521000000.0 | ||
| 009 | 20260310133642.137 | ||
| 020 | |a 978-607-385-414-6 | ||
| 037 | |a Acervo ITESO - Biblioteca | ||
| 041 | |a ESP | ||
| 082 | |a 282. 11912 |b FRA OBR ESP | ||
| 110 | |a Iglesia Católica. |b Papa (2013-2025 : Francisco) | ||
| 245 | 1 | 0 | |a Esperanza : |b la autobiografía / |c Papa Francisco ; con C. Musso ; tr. de A. Ciurans, C. Palma Hunt. |
| 264 | 4 | |a México : |b Plaza y Janés, |c 2025, c2025 | |
| 300 | |a 332 p. | ||
| 336 | |a texto |b txt |2 rdacontenido | ||
| 337 | |a sin mediación |b n |2 rdamedio | ||
| 338 | |a volumen |b nc |2 rdasoporte | ||
| 500 | |a Traducción de: Spera: l'autobiografia | ||
| 649 | |a XX | ||
| 650 | |a Papas - |x Memorias | ||
| 650 | |a Jesuitas Argentinos - |x Memorias | ||
| 650 | |a Obispos de Buenos Aires, Argentina (Ciudad) - |x Memorias | ||
| 650 | |a Ministros Religiosos Argentinos - |x Memorias | ||
| 650 | |a Religiosos Argentinos - |x Memorias | ||
| 650 | |a Iglesia y Problemas Sociales - |x Historia - |y Papa, 2013-2025 (Francisco) | ||
| 650 | |a Iglesia Católica en Argentina - |x Historia - |y Siglo XX | ||
| 650 | |a Iglesia Católica en Buenos Aires, Argentina (Ciudad) - |x Historia - |y Siglo XX | ||
| 650 | |a Iglesia Católica en Argentina - |x Historia - |y Siglo XXI | ||
| 650 | |a Iglesia Católica - |x Historia - |y Papa, 2013-2025 (Francisco) - |x Tema Principal | ||
| 650 | |a Iglesia Católica - |x Historia - |y Siglo XXI | ||
| 650 | |a Iglesia Católica - |x Historia - |y Edad Contemporánea | ||
| 650 | |a Autobiografías Argentinas | ||
| 650 | |a Catolicismo - |z Argentina - |x Historia - |y Siglo XX | ||
| 650 | |a Catolicismo - |z Argentina - |x Historia - |y Siglo XXI | ||
| 650 | |a Catolicismo - |x Historia - |y Siglo XXI | ||
| 650 | |a Cristianismo y Sociedad - |z Argentina - |x Historia - |y Siglo XX | ||
| 650 | |a Cristianismo y Sociedad - |z Argentina - |x Historia - |y Siglo XXI | ||
| 650 | |a Cristianismo y Sociedad - |x Historia - |y Siglo XXI | ||
| 650 | |a Cristianismo - |z Argentina - |x Historia - |y Siglo XX | ||
| 650 | |a Cristianismo - |z Argentina - |x Historia - |y Siglo XXI | ||
| 650 | |a Cristianismo - |x Historia - |y Siglo XXI | ||
| 650 | |a Religión - |z Argentina - |x Historia - |y Siglo XX | ||
| 650 | |a Religión - |z Argentina - |x Historia - |y Siglo XXI | ||
| 650 | |a Religión - |x Historia - |y Siglo XXI | ||
| 650 | |a Bergoglio, Jorge Mario - |x Tema Principal | ||
| 700 | |a Bergoglio, Jorge Mario |e (autor) | ||
| 700 | |a Musso, Carlo |e (colaboración) | ||
| 700 | |a Ciurans Fernández, Ana |e (traducción) | ||
| 700 | |a Palma Hunt, César |e (traducción) | ||
| 910 | |a Fondo General | ||
| 920 | |a Impresos - Libros | ||
| 930 | |a Colección General | ||
| 905 | |a 101 | ||
| 901 | |a 614429-10 |b IT1 |c ACC |i C189932 |u 20250521 | ||
| 901 | |a 614429-20 |b IT1 |c ACC |i C189931 |u 20250521 | ||
| 902 | |a https://opac.biblio.iteso.mx/vufind/Record/000614429 | ||